Loading...
| History - European | 0 | 8 | 2 | 1 | 70 | 54 | 88.38 | 1 | 3 | 0.00 | 0.00 |
| History - World | 0 | 6 | 3 | 2 | 45 | 92 | 110.67 | 1 | 2 | 0.00 | 0.00 |
| Social Science | 0 | 3 | 0 | 0 | 30 | 82 | 90.67 | 0 | 2 | 0.00 | 0.00 |
| Fine Arts - Painting and Sculpture | 0 | 3 | 0 | 0 | 30 | 96 | 100.00 | 0 | 1 | 0.00 | 0.00 |
| History - Other | 0 | 4 | 2 | 1 | 30 | 49 | 92.00 | 1 | 1 | 0.00 | 0.00 |
| History - American | 0 | 3 | 0 | 0 | 30 | 87 | 99.67 | 0 | 1 | 0.00 | 0.00 |
| Current Events | 0 | 2 | 0 | 1 | 20 | 83 | 91.50 | 0 | 0 | 0.00 | 0.00 |
| Science - Other | 0 | 2 | 0 | 0 | 20 | 36 | 53.00 | 1 | 2 | 0.00 | 0.00 |
| Fine Arts - Other | 0 | 1 | 0 | 1 | 10 | 144 | 144.00 | 0 | 1 | 0.00 | 0.00 |
| Literature - American | 0 | 1 | 0 | 0 | 10 | 102 | 102.00 | 0 | 0 | 0.00 | 0.00 |
| Literature - World | 0 | 1 | 0 | 0 | 10 | 131 | 131.00 | 0 | 0 | 0.00 | 0.00 |
| Philosophy | 0 | 1 | 0 | 0 | 10 | 102 | 102.00 | 0 | 1 | 0.00 | 0.00 |
| Pop Culture | 0 | 1 | 0 | 0 | 10 | 42 | 42.00 | 0 | 1 | 0.00 | 0.00 |
| Science - Physics | 0 | 1 | 0 | 0 | 10 | 60 | 60.00 | 0 | 0 | 0.00 | 0.00 |
| Literature - European | 0 | 1 | 1 | 0 | 5 | 111 | 111.00 | 0 | 0 | 0.00 | 0.00 |
| Religion | 0 | 1 | 1 | 0 | 5 | 119 | 119.00 | 0 | 1 | 0.00 | 0.00 |
| Mythology | 0 | 1 | 1 | 0 | 5 | 150 | 150.00 | 0 | 0 | 0.00 | 0.00 |
| Fine Arts - Classical Music | 0 | 0 | 1 | 0 | -5 | 0.00 | 0 | 0 | 0.00 | 0.00 | |
| Geography | 0 | 0 | 1 | 0 | -5 | 0.00 | 0 | 0 | 0.00 | 0.00 | |
| Literature - British | 0 | 0 | 2 | 0 | -10 | 0.00 | 0 | 0 | 0.00 | 0.00 |